000 00297nam a2200121Ia 4500
008 240126s9999 xx 000 0 und d
041 _aEnglish
245 0 _aDecision (2005 -
260 _bIndian Institute of Management.
_aKolkata
440 _aNULL
650 _aDecision,(2005,-
942 _cJN
999 _c260853
_d260853